006210000a22002290004500082002100000518001300021530000600034100002200040245012900062260004300191260000900234041000800243300001700251500002800268650001400296650001400310650001300324650001200337650001600349650001800365015000800383 a551.43bP192dcN a20020224 aM aPandey, Ram Kumar aDevelopment disorders in the Himalayan heights challenges and strategies for environment and development: altitude geography aKathmandubRatna Pustak Bhandar, Nepal c1995 aEng a438p.billus aBibliography at the end aMountains aGeography aAltitude aCulture aEnvironment aGeomorphology aNNB